Instructor's resource manual to accompany McConnell and Brue economics

Αποθηκεύτηκε σε:
Λεπτομέρειες βιβλιογραφικής εγγραφής
Κύριος συγγραφέας: Gleason, Joyce P.
Μορφή: Βιβλίο
Γλώσσα:English
Δημοσίευση: New York : McGraw-Hill, c1996.
Έκδοση:13η έκδ.
Θέματα:
Ετικέτες: Προσθήκη ετικέτας
Δεν υπάρχουν, Καταχωρήστε ετικέτα πρώτοι!

MARC

LEADER 00000cam a2200000 a 4500
001 1/119059
008 190606t1996####us | ||| |||| ||eng||
020 |a 0070468168   |q (χαρτόδετο)  
040 |a GR-MyUa  |b gre  |c GR-MyUa  |e AACR2 
041 0 |a eng 
082 7 |a 330   |2 (23)  
100 1 |a Gleason, Joyce P. 
245 1 0 |a Instructor's resource manual to accompany McConnell and Brue economics /   |c Joyce P. Gleason.  
250 |a 13η έκδ.  
260 |a New York :   |b McGraw-Hill,   |c c1996.  
300 |a ix, 529 σ. :   |b διαγρ., πίν. ;   |c 28 εκ.  
650 0 |a Economics. 
852 |a INST  |b CHIOS  |c TSAMOYRGELIS  |e 20190606  |h 330 GLE  |p 005200038852  |q 005200038852  |t BK  |y 0 
970 |a Σπέντζα  |b Ελένη  |z 06-06-2019